| 000 | 00422nam a2200157Ia 4500 | ||
|---|---|---|---|
| 008 | 230312s9999||||xx |||||||||||||| ||und|| | ||
| 020 | _a1-861003-3-82 | ||
| 082 |
_a005.276 _bULL-B |
||
| 100 | _aUllman Chris | ||
| 245 | 0 | _aBeginning Active Server Pages 3.0 | |
| 260 |
_bSHROFF _aMumbai _c1999 |
||
| 300 | _a1198 | ||
| 546 | _aEng. | ||
| 650 |
_aComputer _vWhat is Dynamic Web Page ? Using Dynamic Web Pages |
||
| 942 | _cBK | ||
| 999 |
_c3072 _d3072 |
||